=LDR 00000nam 2200000 4500 =001 INLIS000000000029117 =005 20200902075705 =035 ##$$a 0010-061300000029117 =008 200902################g##########0#ind## =041 ##$$a Ind =082 ##$$a 2x8.1 =090 ##$$a 2x8.1, Alk p =100 1#$$a Khumais, Muhammad Bin Abdurrahman =245 1#$$a Pokok-pokok akidah salaf : $b yang diikrarkan imam Al-Asy'ari ; penerjemah, Abdurrahman Nuryaman /$c Dr. Muhammad bin Abdurrahman al-Khumais penerjemah, Abdurrahman Nuryaman =260 ##$$a Jakarta :$b Darul Haq,$c 2006 =300 ##$$a xxvii, 206 hlm, ; $c 24 x 15 cm. =650 #4$$a Ahlussumah Waijama'ah =850 ##$$a NBPNMAT =020 ##$$a 979-3407-74-7 =084 ##$$a 2x8.1 KHU p =250 ##$$a cet.1 =700 #$$a Abdurrahman Nuryaman =990 ##$$a 20800480 =990 ##$$a 20800481